LEADER 00734nam a2200193 i 4500 001 000000251871 003 CaOOAMICUS 005 20161205000000.0 008 161205s1827 it u000 u ita u 013 $a230776 026 $ai,e- i?iu a-on neil (3) 1827 (A) 040 $aSeMil$bita 245 10$aTomo 4. 300 $a307, [1] p. 773 0 $aFilangieri, Gaetano <1752-1788>$tScienza della legislazione e gli opuscoli scelti di Gaetano Filangieri. Tomo 1. [-5.].$dLivorno : Dai Torchj di Glauco Masi e C., 1826-1827.$g4$w()14839 850 $aSeMil 852 $aSeMil$W1$xVenegono$y1$m3N II 35 FA$j202217$B202217$CSeMilBibl$Z2$F214895 $8I 961 $aRecupero: Mantegazza 996 $6245$aTomo 4$9(OLS)http://semarc/title/136909 LEADER 00979nas a2200229 i 4500 001 000000050612 003 CaOOAMICUS 005 20071109000000.0 008 071109b1935 fr uu u0 0fre r 013 $a21783 040 $aSeMil$bita 100 1 $aBoulanger, Raymond .$0(OLS)http://semarc/name/90616 245 13$aLe Dieu de Marie dans le Saint Rosaire /$cpar Raymond Boulanger. 260 $aJuvisy :$bLes Éditions du Cerf,$c1935. 300 $aXIV, 78 p., [6] c. di tav. ;$c21 cm. 773 0 $tCahiers de la Vierge.$dJuvisy : Les Éditions du Cerf, 1934-[1937?]$w()3198 774 0 $t[vedi periodico].$w()267630 850 $aSeMil 852 $aSeMil$W1$xVenegono$y1$m138 6 110$j16767$B16767$CSeMilBibl$Z2$F16767 $85 961 $aRecupero: Biblioteca Seminario Seveso (dal 1998) 996 $6245$aLe Dieu de Marie dans le Saint Rosaire$9(OLS)http://semarc/title/77283 996 $6260$aJuvisy :$bLes Éditions du Cerf$9(OLS)http://semarc/publisher/31163